000 01126nam a2200325 c 4500
999 _c344728
_d344728
003 BLK
005 20190930152240.0
008 180911b bul|||||r ||||||| ||bul||
010 _a004394
040 _aBLK
041 _aFRE
_cBUL
080 _aРасин, Жан
_x92
_z840(092)92
100 1 _aMONCEAUX, Paul
_eпърви автор
_9397316
245 0 0 _aRacine
260 _aParis
_bOudin et Cie
_c1892
300 _a235 с
_bс портр. и грав.
_c22 см
380 _a82
490 _aColl. Des Classiques populaires
490 _aЧастна колекция - Академик Михаил Арнаудов
_gДарение - Основен фонд
500 _aМихаил Арнаудов: негови-книга. - Михаил Арнаудов: подпис. - Подчертавания в текста и коментари по полетата
520 _a
520 _a
650 _aБиографии
_9148657
650 _aПисатели
_9166332
655 _aЛитературознание
_9396446
700 1 _a Ill. Gravelot
_9397317
852 _aМА 663
_bМА
942 _cKNG
_n0
_s1
944 _aCR
_c1995
_kValK
999 _d344728